000 00633nam a2200193Ii 4500
003 JO-AjNU
008 230605s9999||||xx |||||||||||||| ||und||
040 _aJO-AjNU
_bara
_erda
_cJO-AjNU
041 _aara
050 1 4 _aCB205.K48.1993
100 3 _aالخولي، محمد علي,
_eauthor
_910034
245 0 0 _aالبريق الزائف للحضارة الغربية
264 3 1 _aصويلح: دار الفلاح، 1993
300 _a164ص
336 _atext
_btxt
_2rdacontent
337 _aunmediated
_bn
_2rdamedia
338 _avolume
_bnc
_2rdacarrier
650 4 _aالحضارة الغربية،الدبلوماسية
_910035
999 _aA1603
_c5171
_d5171